| 000 | 00468nam a2200169Ia 4500 | ||
|---|---|---|---|
| 008 | 240729s9999 xx 000 0 und d | ||
| 022 | _a2184-8149 | ||
| 245 | 0 | _aUser Experience & Urban Creativity | |
| 260 | _aPortugal | ||
| 260 | _bAP2 | ||
| 650 | _a Aesthetics of cities. City planning and beautifying | ||
| 650 | _a Architecture | ||
| 650 | _aFine Arts | ||
| 856 | _uhttps://doaj.org/toc/114344ece9114f44977bed4589c300e2 | ||
| 942 | _2ddc | ||
| 942 | _cDOAJEJ | ||
| 999 |
_c70082 _d70082 |
||
| 945 |
_a1 _bMadushi Gamage _c1 _dMadushi Gamage |
||